《十三机兵防卫圈》的13位主角 The protagonists of 13 Sentinels: Aegis Rim - Statistics

General Stats
  • This quiz has been taken 4 times
  • The average score is 8 of 13
Answer Stats
描述 人物 % Correct
黑色短发、爱看录影带的少年。 鞍部十郎
100%
浅色短发的职业杀手。 关之原瑛
100%
茶色短发少女,田径社社员,经常穿着三角形体育裤。 南奈津乃
100%
白色长发、上课经常趴在桌上睡觉的少女。 冬坂五百里
75%
带眼镜的黑色长发的少女。 药师寺惠
75%
茶色短发的少年,总是将上身校服解开,显出内里黑色汗衫。 网口愁
75%
来自二十一世纪六十年代的少女,经常躺在保健室床上。 东云谅子
75%
总是带着学帽的少年。 三浦庆太郎
50%
带红色眼镜、留有长长银发的少女。 如月兔美
50%
用红丝绑马尾辫的少女,手上戴有皮手套。 鹰宫由贵
50%
带着眼镜的黑色短发少年,现就读于孝良高中二年级。 乡登莲也
25%
头发少许长的的少年,无法原谅那些浪费炒面面包的人。 比治山隆俊
25%
梳理着飞机头发型的少年。 绪方稔二
25%
No matching quizzes found
Score Distribution
Percent of People with Each Score
Percentile by Number Answered
Your Score History
You have not taken this quiz